• 首页
  • 本馆介绍
  • 公告通知
  • 最新文献
  • 馆藏检索
  • 电子资源
  • 读者导购
  • 参考咨询
  • 我的图书馆
  • 登录
  • 详细信息显示
  • 放入我的书架
  • 预约/预借图书
  • 作者相关作品
  • 分类相关作品
  • 丛书相关作品
  • 出版社相关作品

书目信息

  • 表格格式
  • 工作单格式
  • 卡片格式
题名:
民族脊梁 时代先锋
    
 
作者: 刘广超 主编
分册:  
出版信息: 北京   中国文史出版社  2014
页数: 188页
开本: 21cm
丛书名:
单 册:
中图分类: K820.76
科图分类:
主题词: 先进事迹--中国--现代
电子资源:
ISBN: 978-7-5034-4600-9
000 00869nam0 2200229 450
001 339892
005 20150604164254.18
010    @a978-7-5034-4600-9@dCNY28.00
100    @a20140723d2014 em y0chiy50 ea
101 0  @achi
102    @aCN@b110000
105    @aa z 000yd
106    @ar
200 1  @a民族脊梁 时代先锋@Amin zu ji liang shi dai xian feng@f刘广超主编
210    @a北京@c中国文史出版社@d2014
215    @a188页@c照片@d21cm
330    @a本书精选了这三个重要历史阶段体现时代精神的18位代表人物, 通过剖析他们的成长经历和感人事迹, 让当代大学生能够了解英雄的崇高品德, 感悟英雄的博大情怀, 激励青年学子学习时代英雄、传承时代精神, 使时代精神成为当代大学生的精神支柱。
606 0  @a先进事迹@y中国@z现代
690    @aK820.76@v5
701  0 @a刘广超@Aliu guang chao@c(思想政治, @f1972)@4主编
801  0 @aCN@b卓展宏图@c20150525
905    @dK820.76@e151@f4
    
    民族脊梁 时代先锋/刘广超主编.-北京:中国文史出版社,2014
    188页:照片;21cm
    
    
    ISBN 978-7-5034-4600-9:CNY28.00
    本书精选了这三个重要历史阶段体现时代精神的18位代表人物, 通过剖析他们的成长经历和感人事迹, 让当代大学生能够了解英雄的崇高品德, 感悟英雄的博大情怀, 激励青年学子学习时代英雄、传承时代精神, 使时代精神成为当代大学生的精神支柱。
●
相关链接 在E读中查询图书 在五车中查询图书 在当当中查询图书 在豆瓣中查询图书


正题名:民族脊梁 时代先锋     索取号:K820.76/151         预约/预借

序号 登录号 条形码 馆藏地/架位号 状态 备注
1 854798   208547982   第二样本阅览室/ [索取号:K820.76/151] 在馆    
2 854799   208547991   密集书库-史法系/ [索取号:K820.76/151] 在馆    
3 854800   208548008   第二借阅区/ [索取号:K820.76/151] 在馆    
4 854801   208548017   第二借阅区/ [索取号:K820.76/151] 在馆    
唐山师范学院图书馆 欢迎您!
大连网信软件有限公司© 版权所有